| 000 | 00531nam a2200169Ia 4500 | ||
|---|---|---|---|
| 999 |
_c25557 _d25557 |
||
| 003 | OSt | ||
| 005 | 20201230100615.0 | ||
| 008 | 190216s9999||||xx |||||||||||||| ||und|| | ||
| 040 | _coclc | ||
| 082 |
_a894.812 _bNAI/M |
||
| 100 |
_aNair, Champakkulam Appukuttan _97956 |
||
| 245 | 0 |
_aMalayala Sandesha Kavyangal Oru Padanam / _cChampakkulam Appukuttan Nair |
|
| 260 |
_bNational Book Stall, _aKottayam: _c1979. |
||
| 300 | _a308p | ||
| 650 | _aSahithyam | ||
| 942 |
_cBK _2ddc _h894.812 _iNAI/M _k894.812 _mNAI/M |
||